| 000 -LEADER |
| fixed length control field |
01670nam a22002057a 4500 |
| 005 - DATE AND TIME OF LATEST TRANSACTION |
| control field |
20231013170328.0 |
| 008 - FIXED-LENGTH DATA ELEMENTS--GENERAL INFORMATION |
| fixed length control field |
231013s1981 ru ||||| |||| 00| 0 rus d |
| 041 ## - LANGUAGE CODE |
| Language code of text/sound track or separate title |
rus |
| 080 ## - UNIVERSAL DECIMAL CLASSIFICATION NUMBER |
| Universal Decimal Classification number |
903.5(395.3) K-31 |
| 100 ## - MAIN ENTRY--PERSONAL NAME |
| Personal name |
Кахидзе, Амиран Юсупович |
| 9 (RLIN) |
20077 |
| 245 ## - TITLE STATEMENT |
| Title |
Bосточное причерноморье в античную эпоху : |
| Remainder of title |
(Колхские могильники) / |
| Statement of responsibility, etc. |
Амиран Кахидзе ; Редактор А. Апакидзе ; Художник Д. Микеладзе ; Академия Наук Грузинской ССР. Батумский Научно-исследователький институт. Научно-исследователький музей архитектуры Аджарской организации Союза архитекторов Грузии. |
| 264 ## - PRODUCTION, PUBLICATION, DISTRIBUTION, MANUFACTURE, AND COPYRIGHT NOTICE |
| Place of production, publication, distribution, manufacture |
Батуми : |
| Name of producer, publisher, distributor, manufacturer |
Сабчота Аджара, |
| Date of production, publication, distribution, manufacture, or copyright notice |
1981. |
| 300 ## - PHYSICAL DESCRIPTION |
| Extent |
76 стр.; |
| Other physical details |
25 см. |
| 521 ## - TARGET AUDIENCE NOTE |
| Target audience note |
დამატებითი თავფურცელი ქართულ და ინგლისურ ენებზე. |
| 653 ## - INDEX TERM--UNCONTROLLED |
| keyword |
სამარხები ძველ კოლხეთში |
| 700 ## - ADDED ENTRY--PERSONAL NAME |
| Personal name |
Апакидзе, А. |
| Relator term |
რედაქტორი. |
| 9 (RLIN) |
18362 |
| 700 ## - ADDED ENTRY--PERSONAL NAME |
| Personal name |
Микеладзе, Д. |
| Relator term |
მხატვარი. |
| 9 (RLIN) |
20078 |
| 710 ## - ADDED ENTRY--CORPORATE NAME |
| Corporate name or jurisdiction name as entry element |
Академия Наук Грузинской ССР. |
| Relator term |
Батумский научно-исследовательский институт. Научно-исследовательский музей архитектуры Аджарской организации Союза архитекторов Грузии |
| 9 (RLIN) |
20079 |
| 942 ## - ADDED ENTRY ELEMENTS (KOHA) |
| Source of classification or shelving scheme |
|
| Koha item type |
წიგნი |